<?xml version="1.0" encoding="UTF-8"?>
<marc:record xmlns:marc="http://www.loc.gov/MARC21/slim">
   <marc:leader>00000nam a2200000 a 4500</marc:leader>
   <marc:datafield ind1="1" ind2=" " tag="100">
      <marc:subfield code="a">Moesslang, Michael</marc:subfield>
      <marc:subfield code="4">aut</marc:subfield>
      <marc:subfield code="e">Verfasser/-in</marc:subfield>
   </marc:datafield>
   <marc:datafield ind1=" " ind2=" " tag="653">
      <marc:subfield code="a">Präsentation</marc:subfield>
   </marc:datafield>
   <marc:datafield ind1="0" ind2="0" tag="245">
      <marc:subfield code="a">So würde Hitchcock präsentieren</marc:subfield>
   </marc:datafield>
   <marc:datafield ind1="0" ind2="0" tag="245">
      <marc:subfield code="b">überzeugen Sie mit dem Meister der Spannung</marc:subfield>
   </marc:datafield>
   <marc:datafield ind1="0" ind2="0" tag="245">
      <marc:subfield code="c">Michael Moesslang</marc:subfield>
   </marc:datafield>
   <marc:datafield ind1=" " ind2="1" tag="264">
      <marc:subfield code="a">München</marc:subfield>
      <marc:subfield code="b">Redline-Verl.</marc:subfield>
      <marc:subfield code="c">2011</marc:subfield>
   </marc:datafield>
   <marc:datafield ind1=" " ind2=" " tag="250">
      <marc:subfield code="a">1. Aufl.</marc:subfield>
   </marc:datafield>
   <marc:datafield ind1="1" ind2=" " tag="520">
      <marc:subfield code="a">Angaben aus der Verlagsmeldung

So würde Hitchcock präsentieren : Überzeugen Sie mit dem Meister der Spannung / von Michael Moesslang

Ein einschläfernder Vortrag stellt nicht nur die Geduld der Zuhörer auf eine harte Probe, sondern schadet dem Vortragenden wie auch der Sache. Wie jede Präsentation spannend gestaltet werden kann, zeigt der Altmeister des Thrills, Alfred Hitchcock. Sein Name steht für Detailversessenheit, Komposition, Hochspannung und Dramaturgie. Also genau das richtige Vorbild für interessante Präsentationen! Michael Moesslang stellt Stilmittel und Techniken vor, mit denen Hitchcock seine Zuschauer fesselte, und zeigt, wie diese auch für Präsentationen genutzt werden. Suspense, die Unsicherheit der Zuhörer, was kommt, wohldosierter Humor und überraschende Wendungen sind nur einige der Mittel, um die Zuschauer bzw. -hörer in den Bann zu ziehen. Publikum und Vorgesetzte werden dankbar sein!
</marc:subfield>
   </marc:datafield>
   <marc:datafield ind1=" " ind2=" " tag="020">
      <marc:subfield code="a">9783868812985</marc:subfield>
      <marc:subfield code="9">9783868812985</marc:subfield>
   </marc:datafield>
   <marc:datafield ind1=" " ind2=" " tag="041">
      <marc:subfield code="a">ger</marc:subfield>
   </marc:datafield>
   <marc:datafield ind1=" " ind2=" " tag="300">
      <marc:subfield code="a">288 S.</marc:subfield>
   </marc:datafield>
</marc:record>
